Click the ABBA Song Title Ending - Statistics

General Stats
  • This quiz has been taken 127 times
    33 since last reset
  • The average score is 26 of 30
Answer Stats
Hint Answer % Correct
The Winner Takes It All
96%
I do, I do, I do, I do, I do
96%
Hasta Manana
96%
Take A Chance On Me
96%
Mamma Mia
96%
Gimme! Gimme! Gimme! (A Man After _) Midnight
96%
Dancing Queen
96%
Super Trouper
96%
One Of Us
96%
Voulez- Vous
96%
Under Attack
93%
Should I Laugh Or Cry
93%
When All Is Said And Done
93%
I Have A Dream
93%
Slipping Through My Fingers
93%
Ring Ring
93%
Happy New Year
93%
Knowing Me, Knowing You
93%
My Love, My Life
89%
Thank You For The Music
89%
When I Kissed The Teacher
89%
The Name Of The Game
85%
I Let The Music Speak
85%
One man, One Woman
85%
Our Last Summer
81%
As Good As New
74%
If It Wasn't For The Nights
67%
Like An Angel Passing Through My Room
67%
Summer Night City
63%
I'm A Marionette
59%
No matching quizzes found
Score Distribution
Percent of People with Each Score
Percentile by Number Answered
Your Score History
You have not taken this quiz since the last reset